El chulla Romero y Flores
Furkejuvvon:
| Váldodahkki: | |
|---|---|
| Materiálatiipa: | Girji |
| Giella: | Undetermined |
| Almmustuhtton: |
Buenos Aires, Argentina
Losada
1977
|
| Preanttus: | 2 |
| Fáttát: | |
| Fáddágilkorat: |
Lasit fáddágilkoriid
Eai fáddágilkorat, Lasit vuosttaš fáddágilkora!
|
MARC
| LEADER | 00000nam a2200000Ia 4500 | ||
|---|---|---|---|
| 008 | 170316s9999 xx 000 0 und d | ||
| 040 | |a cru BVZT | ||
| 090 | |a 860 I-3c | ||
| 100 | |a Icaza, jorge | ||
| 245 | |a El chulla Romero y Flores | ||
| 250 | |a 2 | ||
| 260 | |a Buenos Aires, Argentina | ||
| 260 | |b Losada | ||
| 260 | |c 1977 | ||
| 300 | |a 188 páginas | ||
| 650 | |a LITERATURA LATINOAMERICANA | ||
| 999 | |c 8835 |d 8835 | ||
| 942 | |c 15 D |h 860 I-3c |2 z | ||
